فكر الخوارج والشيعة في ميزان أهل السنةّ والجماعة ;; fikr al khawarij wal shiyeat fi mizan 'ahl al sunntt wal jamat / (Record no. 77991)
[ view plain ]
| 000 -LEADER | |
|---|---|
| fixed length control field | 00997aaa a2200253 a 4500 |
| 001 - CONTROL NUMBER | |
| control field | 77991 |
| 003 - CONTROL NUMBER IDENTIFIER | |
| rucl marc code | BD-RjUL |
| 005 - DATE AND TIME OF LATEST TRANSACTION | |
| control field | 20211209083056.0 |
| 008 - FIXED-LENGTH DATA ELEMENTS--GENERAL INFORMATION | |
| fixed length control field | 210227s2007 su ||||| |||| 00| 0 a d |
| 035 ## - SYSTEM CONTROL NUMBER | |
| System control number | (BD-RjUL)78217 |
| 040 ## - CATALOGING SOURCE | |
| Original cataloging agency | BD-RjUL |
| Language of cataloging | eng |
| Transcribing agency | BD-RjUL |
| 041 ## - LANGUAGE CODE | |
| Language code of text/sound track or separate title | ara |
| 082 ## - DEWEY DECIMAL CLASSIFICATION NUMBER | |
| Edition number | 23 |
| Classification number | 297.8042 |
| Author mark and year | SAF 2007 |
| 100 ## - MAIN ENTRY--PERSONAL NAME | |
| Personal name | صلابي علي محمد محمد ;; salabi, Ali Muhammad Muhammad |
| Dates associated with a name | 1963 |
| 9 (RLIN) | 245122 |
| 245 ## - TITLE STATEMENT | |
| Title | فكر الخوارج والشيعة في ميزان أهل السنةّ والجماعة ;; fikr al khawarij wal shiyeat fi mizan 'ahl al sunntt wal jamat / |
| Statement of responsibility, etc. | على محمد محمد الصلابى ;; Ali Muhammad Muhammad Al-Salabi |
| 264 ## - PRODUCTION, PUBLICATION, DISTRIBUTION, MANUFACTURE, AND COPYRIGHT NOTICE | |
| Place of production, publication, distribution, manufacture | القاهرة : |
| Name of producer, publisher, distributor, manufacturer | دار ابن الجوزي , |
| Date of production, publication, distribution, manufacture, or copyright notice | 2007 |
| 300 ## - PHYSICAL DESCRIPTION | |
| Pagination | 368 p. ; |
| Size | 24 cm |
| 650 ## - SUBJECT ADDED ENTRY--TOPICAL TERM | |
| Topical term or geographic name as entry element | Kharijites |
| 9 (RLIN) | 100827 |
| Topical term or geographic name as entry element | Shīʻah |
| 9 (RLIN) | 245342 |
| Topical term or geographic name as entry element | Shiites |
| Form subdivision | Doctrinal and controversial works. |
| 9 (RLIN) | 245343 |
| Topical term or geographic name as entry element | Sunnites |
| 9 (RLIN) | 245344 |
| Topical term or geographic name as entry element | Interfaith relations |
| 9 (RLIN) | 223971 |
| 942 ## - ADDED ENTRY ELEMENTS (KOHA) | |
| Source of classification or shelving scheme | Dewey Decimal Classification |
| Koha item type | Books |
| Lost status | Source of classification or shelving scheme | Damaged status | Not for loan | Collection code | Permanent Location | Current Location | Shelving location | Date acquired | Source of acquisition | Cost, normal purchase price | Total Checkouts | Full call number | Date last seen | Copy number | Koha item type |
|---|---|---|---|---|---|---|---|---|---|---|---|---|---|---|---|
| Dewey Decimal Classification | Not For Loan | Non-fiction | Central Library, University of Rajshahi | Central Library, University of Rajshahi | Reading Room | 10/07/2008 | Maktabatul Arabiah , Dhaka | 350.00 | A 297.8042 SAF 2007 | 27/02/2021 | C-1 | Books |